[Event "Titled Tuesday intern op 16th June"]
[Site "Chess.com INT"]
[Date "2020.06.16"]
[Round "4"]
[White "Zhigalko, Sergei"]
[Black "Nitin, Senthilvel"]
[Result "1-0"]
[WhiteElo "2572"]
[BlackElo "2381"]
[PlyCount "83"]
[EventDate "2020.06.16"]
[EventType "swiss (blitz)"]
[EventRounds "10"]
[EventCountry "USA"]
[SourceTitle "EXT 2021"]
[Source "ChessBase"]
[SourceDate "2020.10.23"]
[SourceVersion "1"]
[SourceVersionDate "2020.10.23"]
[SourceQuality "1"]

1. e4 c5 2. Nf3 d6 3. d4 cxd4 4. Qxd4 Nf6 5. Nc3 e5 6. Bb5+ Nbd7 7. Qd3 h6 8. Nd2 a6 9. Bxd7+ Bxd7 10. Nc4 Be6 11. O-O Qc7 12. Ne3 Rc8 13. a4 Be7 14. Rd1 O-O 15. a5 Qc6 16. h3 Rfd8 17. Ncd5 Bxd5 18. exd5 Qc7 19. c4 g6 20. b3 Bf8 21. Bb2 Nd7 22. Qc2 Bg7 23. b4 f5 24. Rac1 Re8 25. Qb3 Qd8 26. c5 dxc5 27. d6+ Kh7 28. Nd5 cxb4 29. Nc7 Rf8 30. Qxb4 Qf6 31. Ba3 f4 32. Qxb7 Qf5 33. Nd5 f3 34. Rxc8 Rf7 35. Ne3 Qg5 36. Qd5 Qf4 37. g3 Qf6 38. Bb2 h5 39. Qe4 Qe6 40. Kh2 Nf6 41. Qc4 Qd7 42. Rc7 1-0

[Event "Titled Tuesday intern op 16th June"]
[Site "Chess.com INT"]
[Date "2020.06.16"]
[Round "5"]
[White "Zhigalko, Sergei"]
[Black "Tarigan, Gilbert Elroy"]
[Result "1-0"]
[WhiteElo "2572"]
[BlackElo "2149"]
[PlyCount "101"]
[EventDate "2020.06.16"]
[EventType "swiss (blitz)"]
[EventRounds "10"]
[EventCountry "USA"]
[SourceTitle "EXT 2021"]
[Source "ChessBase"]
[SourceDate "2020.10.23"]
[SourceVersion "1"]
[SourceVersionDate "2020.10.23"]
[SourceQuality "1"]

1. e4 c6 2. d4 d5 3. e5 Bf5 4. Nf3 e6 5. Be2 Nd7 6. O-O Bg6 7. Nbd2 Nh6 8. a4 Nf5 9. a5 a6 10. c4 Be7 11. Qb3 Rb8 12. Re1 O-O 13. Bf1 Nh4 14. c5 Nxf3+ 15. Nxf3 h6 16. Bf4 Bf5 17. Bd3 Bg4 18. Bc2 Re8 19. h3 Bh5 20. g4 Bg6 21. Kg2 Nf8 22. Bg3 Be4 23. Rxe4 dxe4 24. Bxe4 Ng6 25. Bxg6 fxg6 26. Qxe6+ Kh7 27. Qc4 Qd5 28. Qxd5 cxd5 29. Ne1 g5 30. Nd3 Rbd8 31. Rh1 Rd7 32. h4 gxh4 33. Bxh4 Bxh4 34. Rxh4 g5 35. Rh3 Rf7 36. Re3 Kg7 37. Kg3 Ref8 38. e6 Re7 39. f4 gxf4+ 40. Nxf4 Rfe8 41. Re5 Rd8 42. Nxd5 Ree8 43. b4 Kg6 44. Nf4+ Kf6 45. Rf5+ Kg7 46. Rf7+ Kg8 47. d5 Rf8 48. Rxb7 Rxf4 49. Kxf4 Rxd5 50. Rb8+ Rd8 51. Rxd8+ 1-0

[Event "Titled Tuesday intern op 16th June"]
[Site "Chess.com INT"]
[Date "2020.06.16"]
[Round "6"]
[White "Kezin, Roman"]
[Black "Zhigalko, Sergei"]
[Result "0-1"]
[WhiteElo "2470"]
[BlackElo "2572"]
[PlyCount "82"]
[EventDate "2020.06.16"]
[EventType "swiss (blitz)"]
[EventRounds "10"]
[EventCountry "USA"]
[SourceTitle "EXT 2021"]
[Source "ChessBase"]
[SourceDate "2020.10.23"]
[SourceVersion "1"]
[SourceVersionDate "2020.10.23"]
[SourceQuality "1"]

1. d4 Nf6 2. c4 e6 3. g3 c5 4. d5 exd5 5. cxd5 d6 6. Nc3 g6 7. Nf3 Bg7 8. Bg2 O-O 9. O-O Re8 10. Nd2 a6 11. a4 Nbd7 12. h3 b6 13. Nc4 Ne5 14. Na3 Nh5 15. e4 b5 16. axb5 axb5 17. Ncxb5 Ba6 18. Nc3 Bxf1 19. Qxf1 Qb8 20. g4 Nf6 21. f4 Ned7 22. Rb1 Nb6 23. Nab5 Nfd7 24. Be3 Na4 25. e5 dxe5 26. f5 e4 27. Nxe4 Be5 28. b3 Nab6 29. Kh1 Nxd5 30. Bh6 Nf4 31. fxg6 hxg6 32. Ned6 Bxd6 33. Nxd6 Qxd6 34. Bxf4 Qf6 35. Bxa8 Rxa8 36. Rd1 Ra2 37. Rxd7 Qc6+ 38. Kg1 Qxd7 39. Be5 Qd5 40. Bc3 Qxb3 41. Qe1 Qb8 0-1

[Event "Titled Tuesday intern op 16th June"]
[Site "Chess.com INT"]
[Date "2020.06.16"]
[Round "7"]
[White "Zhigalko, Sergei"]
[Black "Bykhovsky, Anatoly"]
[Result "1-0"]
[WhiteElo "2572"]
[BlackElo "2496"]
[PlyCount "157"]
[EventDate "2020.06.16"]
[EventType "swiss (blitz)"]
[EventRounds "10"]
[EventCountry "USA"]
[SourceTitle "EXT 2021"]
[Source "ChessBase"]
[SourceDate "2020.10.23"]
[SourceVersion "1"]
[SourceVersionDate "2020.10.23"]
[SourceQuality "1"]

1. e4 c5 2. Nf3 d6 3. d4 cxd4 4. Qxd4 Nf6 5. Nc3 Nc6 6. Bb5 Bd7 7. Bxc6 Bxc6 8. Bg5 e6 9. O-O-O Be7 10. Rhe1 O-O 11. Kb1 Qa5 12. Qd2 Rfd8 13. Nd4 Be8 14. f3 Rab8 15. Nd5 Qxd2 16. Nxe7+ Kf8 17. Bxd2 Kxe7 18. Bb4 Kd7 19. Nb5 Kc6 20. Nxd6 a5 21. Ba3 b5 22. Nxe8 Nxe8 23. Be7 Rd7 24. Bh4 Nd6 25. Bg3 Rbd8 26. Bxd6 Rxd6 27. Kc1 Rc8 28. Rxd6+ Kxd6 29. Rd1+ Ke7 30. Rd3 g5 31. Kd2 h5 32. Rc3 Rd8+ 33. Ke2 Kf6 34. Rc5 Rb8 35. c3 h4 36. h3 Rb7 37. Ke3 Rb8 38. Ke2 Rb7 39. b3 Rb8 40. Kd2 Rd8+ 41. Kc2 Rb8 42. a3 a4 43. b4 Rb7 44. Kd2 Rb8 45. Ke2 Rb7 46. Kd3 Rd7+ 47. Ke2 Rb7 48. Kf2 Rd7 49. Rxb5 Rd2+ 50. Kg1 Ra2 51. Ra5 Rxa3 52. c4 Ra1+ 53. Kh2 a3 54. c5 Ke5 55. c6+ Kd6 56. b5 a2 57. Ra7 Rb1 58. Rxa2 Rxb5 59. Ra7 f5 60. Rg7 fxe4 61. c7 Rc5 62. fxe4 Rxc7 63. Rxg5 Rc4 64. Rg4 Ke5 65. Rxh4 Rc2 66. Rg4 Kd4 67. h4 e5 68. h5 Rc6 69. Kg3 Rh6 70. Kh4 Rh8 71. g3 Ra8 72. h6 Ra1 73. Kg5 Ra7 74. Kg6 Ra6+ 75. Kh5 Ra7 76. Rh4 Ke3 77. Kg6 Ra6+ 78. Kf5 Ra5 79. h7 1-0

[Event "Titled Tuesday intern op 16th June"]
[Site "Chess.com INT"]
[Date "2020.06.16"]
[Round "9"]
[White "Zhigalko, Sergei"]
[Black "Le, Quang Liem"]
[Result "1/2-1/2"]
[WhiteElo "2572"]
[BlackElo "2709"]
[PlyCount "82"]
[EventDate "2020.06.16"]
[EventType "swiss (blitz)"]
[EventRounds "10"]
[EventCountry "USA"]
[SourceTitle "EXT 2021"]
[Source "ChessBase"]
[SourceDate "2020.10.23"]
[SourceVersion "1"]
[SourceVersionDate "2020.10.23"]
[SourceQuality "1"]

1. e4 e5 2. Nf3 Nc6 3. Bb5 a6 4. Ba4 Nf6 5. O-O Bc5 6. c3 b5 7. Bc2 d5 8. exd5 Qxd5 9. d3 Bg4 10. Nbd2 O-O 11. h3 Bh5 12. Qe2 Rfe8 13. Re1 h6 14. Ne4 Nxe4 15. dxe4 Qd6 16. b4 Bb6 17. a4 Qf6 18. g4 Bg6 19. Kg2 Rab8 20. axb5 axb5 21. Bb3 Nd8 22. Qxb5 c6 23. Qe2 Ne6 24. Bxe6 Qxe6 25. Nh4 Red8 26. Nf5 f6 27. Be3 Bxe3 28. Qxe3 Rd7 29. Red1 Rbd8 30. Rxd7 Rxd7 31. Ra7 Rxa7 32. Qxa7 Bxf5 33. gxf5 Qc4 34. Qe3 Kh7 35. h4 Qa6 36. Qc5 Qe2 37. Qxc6 Qg4+ 38. Kf1 Qd1+ 39. Kg2 Qg4+ 40. Kf1 Qd1+ 41. Kg2 Qg4+ 1/2-1/2

[Event "Titled Tuesday intern op 16th June"]
[Site "Chess.com INT"]
[Date "2020.06.16"]
[Round "10"]
[White "Svane, Rasmus"]
[Black "Zhigalko, Sergei"]
[Result "1-0"]
[WhiteElo "2613"]
[BlackElo "2572"]
[PlyCount "75"]
[EventDate "2020.06.16"]
[EventType "swiss (blitz)"]
[EventRounds "10"]
[EventCountry "USA"]
[SourceTitle "EXT 2021"]
[Source "ChessBase"]
[SourceDate "2020.10.23"]
[SourceVersion "1"]
[SourceVersionDate "2020.10.23"]
[SourceQuality "1"]

1. Nf3 d5 2. g3 c6 3. Bg2 Bg4 4. O-O e6 5. h3 Bh5 6. d4 Nf6 7. c4 Be7 8. cxd5 exd5 9. Nc3 O-O 10. Ne5 Nfd7 11. g4 Nxe5 12. dxe5 Bg6 13. f4 f5 14. exf6 Bxf6 15. e4 Qb6+ 16. Kh1 Bxc3 17. f5 Bf7 18. bxc3 dxe4 19. f6 Bc4 20. fxg7 Rxf1+ 21. Bxf1 Bxf1 22. Qxf1 Nd7 23. Bh6 Qb5 24. c4 Qe5 25. Rd1 Qf6 26. Qxf6 Nxf6 27. Rd6 Kf7 28. Bg5 Ne8 29. Rd7+ Kg8 30. Bh6 b5 31. cxb5 cxb5 32. Kg2 Nf6 33. Rb7 Re8 34. Kf2 Nd5 35. Rxb5 e3+ 36. Ke1 Nc3 37. Rf5 Rd8 38. Rf8+ 1-0

[Event "Titled Tuesday intern op 15th Sept"]
[Site "Chess.com INT"]
[Date "2020.09.15"]
[Round "1"]
[White "Zhigalko, Sergei"]
[Black "Gevorgyan, Maria"]
[Result "0-1"]
[WhiteElo "2572"]
[BlackElo "2228"]
[PlyCount "50"]
[EventDate "2020.09.15"]
[EventType "swiss (blitz)"]
[EventRounds "10"]
[EventCountry "USA"]
[SourceTitle "CBM 198 Extra"]
[Source "ChessBase"]
[SourceDate "2020.11.30"]
[SourceVersion "1"]
[SourceVersionDate "2020.11.30"]
[SourceQuality "1"]

1. e4 c5 2. Nf3 Nc6 3. c3 Nf6 4. e5 Nd5 5. Bc4 Nb6 6. Bb3 c4 7. Bc2 d6 8. exd6 Qxd6 9. O-O Bg4 10. Re1 O-O-O 11. b3 e5 12. Na3 Qf6 13. Be4 Nd5 14. Qc2 Nf4 15. Nxc4 Bc5 16. d4 exd4 17. Bxf4 Qxf4 18. Bxc6 bxc6 19. Nxd4 Rd5 20. Ne3 Rh5 21. g3 Qg5 22. f4 Qd8 23. Nxg4 Bxd4+ 24. cxd4 Qxd4+ 25. Nf2 Rc5 0-1

[Event "Titled Tuesday intern op 15th Sept"]
[Site "Chess.com INT"]
[Date "2020.09.15"]
[Round "2"]
[White "Mikhalsky, Vladimir"]
[Black "Zhigalko, Sergei"]
[Result "0-1"]
[WhiteElo "2290"]
[BlackElo "2572"]
[PlyCount "58"]
[EventDate "2020.09.15"]
[EventType "swiss (blitz)"]
[EventRounds "10"]
[EventCountry "USA"]
[SourceTitle "CBM 198 Extra"]
[Source "ChessBase"]
[SourceDate "2020.11.30"]
[SourceVersion "1"]
[SourceVersionDate "2020.11.30"]
[SourceQuality "1"]

1. c4 e5 2. Nc3 Nf6 3. g3 c6 4. d4 exd4 5. Qxd4 Na6 6. Bg2 Bc5 7. Qh4 Nb4 8. Rb1 O-O 9. Bg5 Be7 10. a3 h6 11. Bd2 Nc2+ 12. Kd1 d5 13. Kxc2 Bf5+ 14. Kc1 Bxb1 15. Nxb1 Ne4 16. Qf4 Bg5 17. Qf3 Nxd2 18. Nxd2 dxc4 19. Qc3 b5 20. Ngf3 Bf6 21. Qc2 c3 22. bxc3 Qa5 23. Kb2 b4 24. axb4 Qxb4+ 25. Nb3 a5 26. Kc1 Bxc3 27. Rd1 Qa3+ 28. Kb1 Rab8 29. Nfd4 Qa1# 0-1

[Event "Titled Tuesday intern op 15th Sept"]
[Site "Chess.com INT"]
[Date "2020.09.15"]
[Round "3"]
[White "Zhigalko, Sergei"]
[Black "Perdomo, Carlos Andres"]
[Result "1-0"]
[WhiteElo "2572"]
[BlackElo "2301"]
[PlyCount "45"]
[EventDate "2020.09.15"]
[EventType "swiss (blitz)"]
[EventRounds "10"]
[EventCountry "USA"]
[SourceTitle "CBM 198 Extra"]
[Source "ChessBase"]
[SourceDate "2020.11.30"]
[SourceVersion "1"]
[SourceVersionDate "2020.11.30"]
[SourceQuality "1"]

1. e4 c5 2. Nf3 e6 3. c3 Nf6 4. e5 Nd5 5. Bc4 d6 6. d4 cxd4 7. cxd4 Nb6 8. Bd3 Nc6 9. O-O Be7 10. Nc3 d5 11. Re1 Bd7 12. g3 a6 13. h4 h6 14. h5 Qc7 15. Bf4 O-O-O 16. Rc1 Kb8 17. a3 Rdg8 18. b4 g5 19. Be3 Ka7 20. b5 Nb8 21. Nxd5 Nxd5 22. Rxc7 Nxc7 23. d5+ 1-0

[Event "Titled Tuesday intern op 15th Sept"]
[Site "Chess.com INT"]
[Date "2020.09.15"]
[Round "4"]
[White "Khumalo, Keith"]
[Black "Zhigalko, Sergei"]
[Result "0-1"]
[WhiteElo "2117"]
[BlackElo "2572"]
[PlyCount "94"]
[EventDate "2020.09.15"]
[EventType "swiss (blitz)"]
[EventRounds "10"]
[EventCountry "USA"]
[SourceTitle "CBM 198 Extra"]
[Source "ChessBase"]
[SourceDate "2020.11.30"]
[SourceVersion "1"]
[SourceVersionDate "2020.11.30"]
[SourceQuality "1"]

1. d4 Nf6 2. c4 e6 3. Nf3 b6 4. g3 Ba6 5. Qa4 Bb7 6. Bg2 c5 7. dxc5 bxc5 8. O-O Be7 9. Nc3 O-O 10. Rd1 Qb6 11. Qc2 Nc6 12. a3 Rfd8 13. Bg5 h6 14. Bf4 Rac8 15. Bd6 Bxd6 16. Rxd6 Ne8 17. Rd2 Na5 18. Na4 Qb3 19. Rc1 Bc6 20. Nc3 Qxc2 21. Rdxc2 Nxc4 22. e4 Na5 23. b4 Nb3 24. Rd1 cxb4 25. axb4 Rb8 26. b5 Bxb5 27. Rb1 Bc4 28. Ne5 Nd4 29. Rcc1 Ne2+ 30. Nxe2 Rxb1 31. Rxb1 Bxe2 32. Rb7 a6 33. Nxd7 Bb5 34. Bf1 Rxd7 35. Rxd7 Bxd7 36. Bxa6 Nd6 37. f3 Bb5 38. Bxb5 Nxb5 39. Kf2 Kf8 40. Ke3 Ke7 41. g4 e5 42. h4 g5 43. h5 Kd6 44. Kd2 Kc5 45. Kd3 Nd4 46. Ke3 Kc4 47. f4 exf4+ 0-1

[Event "Titled Tuesday intern op 15th Sept"]
[Site "Chess.com INT"]
[Date "2020.09.15"]
[Round "5"]
[White "Zhigalko, Sergei"]
[Black "Erdogdu, Mert"]
[Result "1-0"]
[WhiteElo "2572"]
[BlackElo "2396"]
[PlyCount "57"]
[EventDate "2020.09.15"]
[EventType "swiss (blitz)"]
[EventRounds "10"]
[EventCountry "USA"]
[SourceTitle "CBM 198 Extra"]
[Source "ChessBase"]
[SourceDate "2020.11.30"]
[SourceVersion "1"]
[SourceVersionDate "2020.11.30"]
[SourceQuality "1"]

1. e4 e5 2. Nf3 Nc6 3. Bb5 a6 4. Ba4 Nge7 5. O-O g6 6. c3 Bg7 7. d4 exd4 8. cxd4 b5 9. Bc2 d6 10. h3 O-O 11. Nc3 Bb7 12. Re1 h6 13. Be3 Na5 14. b3 c5 15. Qd2 Kh7 16. Rad1 Qc7 17. Ne2 Rac8 18. h4 c4 19. Rc1 c3 20. Qd3 d5 21. e5 Nf5 22. h5 Kg8 23. Nf4 b4 24. hxg6 fxg6 25. Nxg6 Rf7 26. Nfh4 Rcf8 27. Nxf8 Nxh4 28. Ne6 Qd7 29. Qh7# 1-0

[Event "Titled Tuesday intern op 15th Sept"]
[Site "Chess.com INT"]
[Date "2020.09.15"]
[Round "6"]
[White "Zhigalko, Sergei"]
[Black "Visakh, Narayanan Rajeswari"]
[Result "1-0"]
[WhiteElo "2572"]
[BlackElo "2516"]
[PlyCount "101"]
[EventDate "2020.09.15"]
[EventType "swiss (blitz)"]
[EventRounds "10"]
[EventCountry "USA"]
[SourceTitle "CBM 198 Extra"]
[Source "ChessBase"]
[SourceDate "2020.11.30"]
[SourceVersion "1"]
[SourceVersionDate "2020.11.30"]
[SourceQuality "1"]

1. e4 c5 2. Nf3 d6 3. d4 cxd4 4. Qxd4 a6 5. Bc4 Nc6 6. Qd3 Nf6 7. Nc3 Bg4 8. Bb3 Bxf3 9. Qxf3 e6 10. O-O Be7 11. Be3 O-O 12. Rad1 Rc8 13. Qg3 Qa5 14. f4 Qh5 15. f5 e5 16. Kh1 Na5 17. Qf3 Nxb3 18. axb3 Qxf3 19. gxf3 h6 20. Rg1 Kh7 21. Rd2 Rc6 22. Ra1 Bd8 23. Bf2 Bb6 24. Bxb6 Rxb6 25. Rad1 Rd8 26. Nd5 Nxd5 27. Rxd5 f6 28. Kg2 Rc8 29. R1d2 Rcc6 30. Kf2 Kg8 31. Ke3 Kf7 32. h4 Ke7 33. h5 Rc7 34. Rg2 Kf8 35. Kd3 Rbc6 36. c3 b5 37. b4 Rb6 38. Rg1 Ra7 39. Ra1 Ke7 40. Ke3 Rc7 41. Rd2 Rbc6 42. Rg2 Kf8 43. Rd2 Ra7 44. Rdd1 Rb7 45. Ra2 Ke7 46. Rda1 Rbb6 47. Ra3 Kd7 48. Rg1 Rc7 49. Rxg7+ Kc6 50. Rg6 Rf7 51. Rxh6 1-0

[Event "Titled Tuesday intern op 15th Sept"]
[Site "Chess.com INT"]
[Date "2020.09.15"]
[Round "7"]
[White "Maly, Alexey"]
[Black "Zhigalko, Sergei"]
[Result "1-0"]
[WhiteElo "2371"]
[BlackElo "2572"]
[PlyCount "97"]
[EventDate "2020.09.15"]
[EventType "swiss (blitz)"]
[EventRounds "10"]
[EventCountry "USA"]
[SourceTitle "CBM 198 Extra"]
[Source "ChessBase"]
[SourceDate "2020.11.30"]
[SourceVersion "1"]
[SourceVersionDate "2020.11.30"]
[SourceQuality "1"]

1. d4 Nf6 2. c4 e6 3. Nf3 b6 4. g3 Ba6 5. Nbd2 Bb4 6. Qc2 Bb7 7. Bg2 Be4 8. Qd1 O-O 9. O-O Bxd2 10. Qxd2 d6 11. b3 a5 12. a3 Nbd7 13. Bb2 Re8 14. Rac1 Qb8 15. Rfd1 h6 16. Ne1 Bxg2 17. Nxg2 Qb7 18. Nf4 Rad8 19. f3 e5 20. dxe5 dxe5 21. Nd5 Nxd5 22. Qxd5 Qc8 23. Qc6 Re6 24. Qe4 Nc5 25. Qc2 e4 26. b4 axb4 27. axb4 Nd7 28. f4 Nf6 29. Bxf6 Rxf6 30. Rxd8+ Qxd8 31. Rd1 Rd6 32. Rxd6 Qxd6 33. Qxe4 Qxb4 34. Kg2 Qf8 35. Qc6 Qd8 36. Kf3 Kf8 37. g4 g6 38. h3 Qh4 39. Kg2 Qe7 40. Kf3 Kg7 41. Qd5 Qa3+ 42. e3 Qa1 43. Kf2 Qb2+ 44. Kf3 Qh2 45. Qe5+ Kg8 46. Qe8+ Kg7 47. Qe5+ Kh7 48. Qxc7 Qxh3+ 49. Ke4 1-0

[Event "Titled Tuesday intern op 15th Sept"]
[Site "Chess.com INT"]
[Date "2020.09.15"]
[Round "8"]
[White "Henderson de la Fuente, Lance"]
[Black "Zhigalko, Sergei"]
[Result "0-1"]
[WhiteElo "2491"]
[BlackElo "2572"]
[PlyCount "78"]
[EventDate "2020.09.15"]
[EventType "swiss (blitz)"]
[EventRounds "10"]
[EventCountry "USA"]
[SourceTitle "CBM 198 Extra"]
[Source "ChessBase"]
[SourceDate "2020.11.30"]
[SourceVersion "1"]
[SourceVersionDate "2020.11.30"]
[SourceQuality "1"]

1. e4 c5 2. Nf3 Nc6 3. d4 cxd4 4. Nxd4 Nf6 5. Nc3 e5 6. Ndb5 d6 7. Bg5 a6 8. Na3 b5 9. Nd5 Be7 10. Bxf6 Bxf6 11. c3 Bg5 12. Nc2 Ne7 13. Ncb4 O-O 14. Bd3 a5 15. Nxe7+ Qxe7 16. Nd5 Qb7 17. a3 Be6 18. O-O Bxd5 19. exd5 f5 20. Qe2 Rab8 21. f3 Qxd5 22. Rad1 Kh8 23. Kh1 Qb3 24. Bb1 Rb6 25. Rd3 g6 26. Rfd1 Qe6 27. Rd5 Rfb8 28. Qd3 Be7 29. b4 axb4 30. axb4 Kg7 31. h3 Qf6 32. Ba2 Qh4 33. Bb3 Qg3 34. Ra1 Kh6 35. Rd1 Bg5 36. Kg1 Bf4 37. Kf1 Ra8 38. Rxd6 e4 39. fxe4 Rxd6 0-1

[Event "Titled Tuesday intern op 15th Sept"]
[Site "Chess.com INT"]
[Date "2020.09.15"]
[Round "9"]
[White "Zhigalko, Sergei"]
[Black "Lobanov, Sergei"]
[Result "1/2-1/2"]
[WhiteElo "2572"]
[BlackElo "2516"]
[PlyCount "79"]
[EventDate "2020.09.15"]
[EventType "swiss (blitz)"]
[EventRounds "10"]
[EventCountry "USA"]
[SourceTitle "CBM 198 Extra"]
[Source "ChessBase"]
[SourceDate "2020.11.30"]
[SourceVersion "1"]
[SourceVersionDate "2020.11.30"]
[SourceQuality "1"]

1. e4 e5 2. Nf3 Nc6 3. Bc4 Nf6 4. Ng5 d5 5. exd5 Na5 6. Bb5+ c6 7. dxc6 bxc6 8. Bd3 Nd5 9. Nf3 Bd6 10. O-O O-O 11. Re1 f5 12. Nxe5 Qf6 13. Nc4 Nxc4 14. Bxc4 Bxh2+ 15. Kxh2 Qh4+ 16. Kg1 Qxc4 17. d3 Qh4 18. Nc3 f4 19. Nxd5 cxd5 20. Qf3 Bb7 21. Re5 Qf6 22. d4 Qb6 23. c3 Rae8 24. Qh5 Rxe5 25. Qxe5 f3 26. gxf3 h6 27. Bf4 Qxb2 28. Rc1 Rf6 29. Qe3 Qxa2 30. Be5 Rg6+ 31. Bg3 Qc4 32. Rb1 Qc6 33. Qe5 Kh7 34. Qf5 Bc8 35. Qf8 Qxc3 36. Rb8 Rc6 37. Be5 Rg6+ 38. Bg3 Rc6 39. Be5 Rg6+ 40. Bg3 1/2-1/2

[Event "Titled Tuesday intern op 15th Sept"]
[Site "Chess.com INT"]
[Date "2020.09.15"]
[Round "10"]
[White "Rustemov, Alexander"]
[Black "Zhigalko, Sergei"]
[Result "0-1"]
[WhiteElo "2525"]
[BlackElo "2572"]
[PlyCount "86"]
[EventDate "2020.09.15"]
[EventType "swiss (blitz)"]
[EventRounds "10"]
[EventCountry "USA"]
[SourceTitle "CBM 198 Extra"]
[Source "ChessBase"]
[SourceDate "2020.11.30"]
[SourceVersion "1"]
[SourceVersionDate "2020.11.30"]
[SourceQuality "1"]

1. d4 Nf6 2. Nf3 e6 3. c4 b6 4. a3 Ba6 5. Qc2 Bb7 6. Nc3 c5 7. dxc5 bxc5 8. Bf4 Nh5 9. Bg5 Be7 10. Bxe7 Qxe7 11. e3 O-O 12. Be2 d6 13. O-O Nf6 14. b4 Nbd7 15. b5 a5 16. Nd2 Nb6 17. Na4 Nxa4 18. Qxa4 Nd7 19. Qc2 a4 20. Rfd1 Nb6 21. Rac1 Rfd8 22. h3 h6 23. Bf3 Rac8 24. Bxb7 Qxb7 25. Ne4 Qe7 26. Nd2 d5 27. Qc3 d4 28. Qd3 dxe3 29. Qxe3 Rd4 30. Nf3 Nxc4 31. Qc3 Rxd1+ 32. Rxd1 Nb6 33. Ne5 Qf6 34. Qa5 Nd5 35. Nc6 Kh7 36. Qxa4 Qb2 37. Qe4+ Kh8 38. Qd3 c4 39. Qd2 Qxa3 40. Rc1 c3 41. Qc2 Qc5 42. Rb1 Qb6 43. g3 Qc5 0-1

[Event "Titled Tuesday intern op 22nd Sept"]
[Site "Chess.com INT"]
[Date "2020.09.22"]
[Round "2"]
[White "Zhigalko, Sergei"]
[Black "Sergeyev, Alexander"]
[Result "1-0"]
[WhiteElo "2572"]
[BlackElo "2395"]
[PlyCount "77"]
[EventDate "2020.09.22"]
[EventType "swiss (blitz)"]
[EventRounds "10"]
[EventCountry "USA"]
[SourceTitle "CBM 198 Extra"]
[Source "ChessBase"]
[SourceDate "2020.11.30"]
[SourceVersion "1"]
[SourceVersionDate "2020.11.30"]
[SourceQuality "1"]

1. e4 e5 2. Nf3 Nf6 3. d4 exd4 4. e5 Ne4 5. Qxd4 f5 6. Be3 Nc6 7. Qa4 Bb4+ 8. c3 Bc5 9. Bxc5 Nxc5 10. Qc4 Ne6 11. Bd3 O-O 12. Nbd2 Qe7 13. O-O-O a6 14. Nb3 b5 15. Qh4 Qxh4 16. Nxh4 Nxe5 17. Bxf5 d6 18. Rhe1 Nf4 19. Be4 Rb8 20. g3 Nh3 21. f4 Ng4 22. Bd5+ Kh8 23. Nd4 Nf6 24. Bg2 Nf2 25. Rd2 N2g4 26. h3 Nh6 27. g4 Nf7 28. Nc6 Rb6 29. Ne7 Bb7 30. Bxb7 Rxb7 31. Rde2 Rbb8 32. Kc2 g5 33. Ng2 gxf4 34. Nxf4 Ne5 35. Nf5 Nfxg4 36. hxg4 Nxg4 37. Re7 Rxf5 38. Nd3 Nf6 39. Rf7 1-0

[Event "Titled Tuesday intern op 22nd Sept"]
[Site "Chess.com INT"]
[Date "2020.09.22"]
[Round "3"]
[White "Orozbaev, Eldiar"]
[Black "Zhigalko, Sergei"]
[Result "0-1"]
[WhiteElo "1973"]
[BlackElo "2572"]
[PlyCount "58"]
[EventDate "2020.09.22"]
[EventType "swiss (blitz)"]
[EventRounds "10"]
[EventCountry "USA"]
[SourceTitle "CBM 198 Extra"]
[Source "ChessBase"]
[SourceDate "2020.11.30"]
[SourceVersion "1"]
[SourceVersionDate "2020.11.30"]
[SourceQuality "1"]

1. e4 c5 2. c3 Nf6 3. e5 Nd5 4. d4 cxd4 5. cxd4 Nc6 6. Nc3 e6 7. Nf3 d6 8. Bd3 Be7 9. O-O O-O 10. Qe2 Bd7 11. Nxd5 exd5 12. Bf4 Re8 13. h3 Rc8 14. a3 dxe5 15. dxe5 Be6 16. Rad1 Qb6 17. b4 a5 18. Be3 Qd8 19. b5 Nb8 20. a4 Nd7 21. Bb1 Nc5 22. Nd4 Bf8 23. f4 Bd7 24. Bc2 Qc7 25. Nf3 Ne4 26. Rxd5 Ng3 27. Bxh7+ Kxh7 28. Ng5+ Kg8 29. Rxd7 Nxe2+ 0-1

[Event "Titled Tuesday intern op 22nd Sept"]
[Site "Chess.com INT"]
[Date "2020.09.22"]
[Round "4"]
[White "Zhigalko, Sergei"]
[Black "Gurel, Ediz"]
[Result "1-0"]
[WhiteElo "2572"]
[BlackElo "2168"]
[PlyCount "45"]
[EventDate "2020.09.22"]
[EventType "swiss (blitz)"]
[EventRounds "10"]
[EventCountry "USA"]
[SourceTitle "CBM 198 Extra"]
[Source "ChessBase"]
[SourceDate "2020.11.30"]
[SourceVersion "1"]
[SourceVersionDate "2020.11.30"]
[SourceQuality "1"]

1. e4 c5 2. Nf3 e6 3. c3 Nf6 4. e5 Nd5 5. Bc4 Nc6 6. O-O d6 7. d4 cxd4 8. cxd4 Be7 9. Bd2 O-O 10. Nc3 dxe5 11. dxe5 Nb6 12. Bb3 Na5 13. Bc2 Nac4 14. Qe2 Nxd2 15. Nxd2 Bd7 16. Nde4 Bc6 17. Rad1 Qc7 18. Nf6+ gxf6 19. Bxh7+ Kxh7 20. Qh5+ Kg7 21. Qg4+ Kh8 22. Rd3 Bxg2 23. Qxg2 1-0

[Event "Titled Tuesday intern op 22nd Sept"]
[Site "Chess.com INT"]
[Date "2020.09.22"]
[Round "7"]
[White "Zhigalko, Sergei"]
[Black "Di Berardino, Diego Rafael"]
[Result "1-0"]
[WhiteElo "2572"]
[BlackElo "2471"]
[PlyCount "75"]
[EventDate "2020.09.22"]
[EventType "swiss (blitz)"]
[EventRounds "10"]
[EventCountry "USA"]
[SourceTitle "CBM 198 Extra"]
[Source "ChessBase"]
[SourceDate "2020.11.30"]
[SourceVersion "1"]
[SourceVersionDate "2020.11.30"]
[SourceQuality "1"]

1. e4 c5 2. Nf3 b6 3. d4 cxd4 4. Nxd4 Bb7 5. f3 Nc6 6. Be3 e6 7. Nc3 Bb4 8. Ndb5 Qb8 9. a3 Be7 10. Qd2 a6 11. Nd4 Nf6 12. g4 O-O 13. g5 Nh5 14. Nce2 Rd8 15. O-O-O d5 16. Nxc6 Bxc6 17. Nd4 Bb7 18. e5 Qxe5 19. f4 Qc7 20. Be2 g6 21. Bxh5 gxh5 22. Qe2 Rac8 23. Qxh5 Bf8 24. Rd2 Bg7 25. Re1 b5 26. h4 Qa5 27. f5 e5 28. Nb3 Qa4 29. Bc5 Rd7 30. f6 Bh8 31. Rxe5 Qf4 32. Qe2 Rdd8 33. Nd4 h6 34. b4 a5 35. Kb2 axb4 36. axb4 Ra8 37. Rd1 hxg5 38. Rxg5+ 1-0